000 00576nam a2200241Ia 4500
003 OSt
005 20220912153037.0
006 a|||||r|||| 00| 0
007 ta
008 220909b |||||||| |||| 00| 0 eng d
024 _a23993
037 _cTextual
040 _aCSL
_beng
_cCSL
041 _aeng
082 _aB36, J2
100 _aChandrasekhran K
245 0 _aTypical means
260 _c1952
300 _ap.
_ccm.
700 _a Minakshisundram S
942 _hB36, J2
_cTEXL
_2CC
999 _c97087
_d97087